Statistiken für Englische Tierwörter

Klicken Sie hier um das Quiz zu spielen!

Allgemein

  • Dieses Quiz wurde 527 mal gespielt
  • Das Durchschnittsergebnis liegt bei 19 aus 20

Antwortstatistiken

EnglischDeutsch% Korrekt
dogHund
100%
catKatze
100%
mouseMaus
100%
bearBär
99%
cowKuh
99%
horsePferd
99%
pigSchwein
99%
birdVogel
99%
dolphinDelphin
98%
frogFrosch
98%
spiderWebspinne
98%
beeBiene
97%
sheepSchaf
97%
sharkHai
96%
turtleSchildkröte
96%
mosquitoMoskito
93%
lambLamm
91%
buffaloBüffel
90%
goatZiege
90%
peacockPfau
47%

Verteilung der Resultate

Perzentil nach korrekt beantworteten Fragen

Anzahl Personen mit jedem Resultat

Ihre Resultats-Entwicklung

Sie haben dieses Quiz noch nicht gespielt